Taylor Swift Songs Sudden Death - Statistics

General Stats
  • This quiz has been taken 47 times
    24 since last reset
  • The average score is 10 of 12
Answers on the Grid
Answers color-coded by a green-red scale on the quiz's grid according to % correct below.
I know places
Stay beautiful
Fearless
Lover
Beautiful morning
Haters
Eyes closed
Him and me
Speak now
Mine
Paper cuts
Karma
Happiness
Dear Jim
The lucky one
The story of us
The book
Maroon
Crying by myself
Colder
I can see you
Glow
We can have nice things
The Hero
 
Answer Stats
Answer % Correct
Fearless
95%
I know places
95%
Speak now
95%
Karma
89%
Lover
89%
Maroon
89%
Mine
89%
Happiness
84%
The story of us
84%
I can see you
79%
The lucky one
79%
Stay beautiful
63%
No matching quizzes found
Score Distribution
Percent of People with Each Score
Percentile by Number Answered
Your Score History
You have not taken this quiz since the last reset